Normale Ansicht MARC-Ansicht ISBD

Rudolf Steiner bei Eugenie von Bredow im Havelland/ (Titelsatznr. 80462)

[ MARC ]
MARC-Details
000 -Satzkennung
Kontrollfeld mit fester Länge 00527nam a2200157 4500
008 - Feld mit fester Länge zur physischen Beschreibung - Allgemeine Angaben
Kontrollfeld mit fester Länge 201207b ||||| |||| 00| 0 eng d
040 ## - Katalogisierungsquelle
Katalogisierungssprache ger
Übertragungsstelle STAFF
Beschreibungsfestlegungen rda
041 ## - Sprachcode
Sprachcode des Textes/der Tonspur oder des separaten Titels ger
100 ## - Person oder Familie als 1. geistiger Schöpfer
Personenname Wichmann Erlen, Anna:
245 ## - Titel
Haupttitel Rudolf Steiner bei Eugenie von Bredow im Havelland/
Verantwortlichkeitsangabe Alma Wichmann Erlen
773 ## - Übergeordnete Einheit
Ort, Verlag und Erscheinungsjahr Berlin: Die Mark Brandenburg - Verlag für Regional- und Zeitgeschichte
Verknüpfungsangaben (2020) Heft 117, S. 32-35: Abb.
Titel Die Mark Brandenburg
942 ## - Zusätzliche Felder (Koha)
Koha-Medientyp Aufsätze
Exemplare
Ausgeschieden Verloren Beschädigt Nicht entleihbar Permanenter Standort Aktueller Standort Aufstellungsort Eingabedatum Anzahl Ausleihen Signatur Letzte Aktivität Preis gültig von Medientyp
        Stadtarchiv Frankfurt (Oder) | Archivbibliothek Stadtarchiv Frankfurt (Oder) | Archivbibliothek Lesesaal 22/12/2020   Bb1 102 22/12/2020 22/12/2020 Aufsätze